000 00237nam a2200097Ia 4500
008 190216s9999||||xx |||||||||||||| ||und||
100 _aKarapram Sukumaran Nair
245 0 _aOru Charithravum Randukathukalum
260 _bNull
942 _cBK
999 _c23559
_d23559